Teaching Dyslexic Children

This thesis examines the symptoms, causes and diagnosis of dyslexia, as well as presents practical teaching techniques and methods to implement in the classroom. My hypothesis is that if a teacher uses appropriate methods and he/she is aware of learning disorders, dyslexic children will improve, the...

Teljes leírás

Elmentve itt :
Bibliográfiai részletek
Szerző: Vér Anikó
További közreműködők: Orosz Andrea (Témavezető)
Dokumentumtípus: Szakdolgozat
Megjelent: 2006
Tárgyszavak:
Online Access:http://diploma.bibl.u-szeged.hu/75643
LEADER 01287nta a2200169 i 4500
001 dipl75643
005 20190530075944.0
008 190430s2006 hu om 0|| eng d
040 |a SZTE Diploma Repozitórium  |b hun 
041 |a eng 
100 1 |a Vér Anikó 
245 1 0 |a Teaching Dyslexic Children  |h [elektronikus dokumentum] /  |c Anikó Vér 
260 |c 2006 
520 3 |a This thesis examines the symptoms, causes and diagnosis of dyslexia, as well as presents practical teaching techniques and methods to implement in the classroom. My hypothesis is that if a teacher uses appropriate methods and he/she is aware of learning disorders, dyslexic children will improve, their reading abilities will develop. Unfortunatelly, most of the teachers in elementary schools do not know how to deal with dyslexic children. They do not have enough information about this learning difficulty and about the special techniques. I will prove that teachers should care about dyslexic students, they can help their students to solve this problem. I will demonstrate some ways and methods that can be efficiently used in the English language class. 
650 4 |a Pedagógusképzés 
700 1 |a Orosz Andrea  |e ths 
856 4 0 |u http://diploma.bibl.u-szeged.hu/id/eprint/75643/1/2006_ver_aniko_02.pdf  |z Dokumentum-elérés